000 00398nam a22001697a 4500
003 MPLRDC
005 20220104124709.0
008 210129b ||||| |||| 00| 0 eng d
082 _a859.4 QEYN v.1
100 _a不详
245 _a杰克与魔豆
_c
260 _a
_b企鹅图书有限公司
_c
300 _b
490 _a企鹅幼年童话;1
650 _a
942 _cBK
_o859.4 QEYN v.1
999 _c21418
_d21408